APEC Schools

Civil war / (Record no. 9037)

000 -LEADER
fixed length control field nam a22 7a 4500
005 - DATE AND TIME OF LATEST TRANSACTION
control field 20220105004224.0
008 - FIXED-LENGTH DATA ELEMENTS--GENERAL INFORMATION
fixed length control field 220105b xxu||||| |||| 00| 0 eng d
020 ## - IDENTIFIER FOR THE MANIFESTATION
Identifier for the Manifestation 9780785195672
Binding paperback
040 ## - CATALOGING SOURCE
Language of Cataloging eng
Transcribing Agency APEC Schools Library
Description Conventions rda
082 ## - DEWEY DECIMAL CLASSIFICATION NUMBER
Classification number FIC
Author's Number S6346c 2016
100 ## - CREATOR
Preferred Name of the Person Slott, Dan
245 ## - TITLE AND STATEMENT OF RESPONSIBILITY
Preferred Title Proper Civil war /
Statement of Responsibility/Parallel Statement of Responsibility Dan Slott
264 ## - PUBLICATION STATEMENT
Place of publication, distribution, etc New York ;
Publisher's Name/Parallel Publisher's Name Marvel Worldwide, Inc.,
Copyright ©2016.
300 ## - PHYSICAL DESCRIPTION
Extent [unpaged],
Illustrative Content colored illustrations.
336 ## - RDA CONTENT
Source rdacontent
Content Type text
337 ## - RDA MEDIA
Source rdamedia
Media Type unmediated
338 ## - RDA CARRIER
Source rdacarrier
Carrier Type volume
942 ## - ADDED ENTRY ELEMENTS (KOHA)
Source of Classification
Koha Item Type Fiction
Holdings
Library Site Location Shelving Location Source of Acquisition Full Classification Number Accession Number Koha Item Type
APEC Bacoor Library APEC Bacoor Library Fiction Institutional Fund FIC S6346c 2016 B04-0000546 Fiction
APEC C. Raymundo Library APEC C. Raymundo Library Fiction Institutional Fund FIC S6346c 2016 A07-0000465 Fiction
APEC Calumpang Library APEC Calumpang Library Fiction Institutional Fund FIC S6346c 2016 B10-0000482 Fiction
APEC Dasmarinas Library APEC Dasmarinas Library Fiction Institutional Fund FIC S6346c 2016 B03-0000505 Fiction
APEC Grace Park West Library APEC Grace Park West Library Fiction Institutional Fund FIC S6346c 2016 A09-0000395 Fiction
APEC JRU Lipa Library APEC JRU Lipa Library Fiction Institutional Fund FIC S6346c 2016 B12-0000542 Fiction
APEC Las Piñas Library APEC Las Piñas Library Fiction Institutional Fund FIC S6346c 2016 C01-0000380 Fiction
APEC Marikina Heights Library APEC Marikina Heights Library Fiction Institutional Fund FIC S6346c 2016 A08-0000376 Fiction
APEC Concepcion Dos Library APEC Marikina Heights Library Fiction Institutional Fund FIC S6346c 2016 C02-0000342 Fiction
APEC Muntinlupa Library APEC Muntinlupa Library Fiction Institutional Fund FIC S6346c 2016 B01-0000357 Fiction
APEC New Manila Library APEC New Manila Library Fiction Institutional Fund FIC S6346c 2016 C03-0000362 Fiction
APEC North Fairview Library APEC North Fairview Library Fiction Institutional Fund FIC S6346c 2016 A04-0000343 Fiction
APEC Ortigas Extension, Cainta Library APEC Ortigas Extension, Cainta Library Fiction Institutional Fund FIC S6346c 2016 B09-0000375 Fiction
APEC Roxas Boulevard Library APEC Roxas Boulevard Library Fiction Institutional Fund FIC S6346c 2016 B06-0000337 Fiction
APEC Roxas Boulevard Library APEC Roxas Boulevard Library Fiction Institutional Fund FIC S6346c 2016 B06-0000373 Fiction
APEC San Pablo, Laguna Library APEC San Pablo, Laguna Library Fiction Institutional Fund FIC S6346c 2016 D01-0000215 Fiction
APEC Silangan, Pateros Library APEC Silangan, Pateros Library Fiction Institutional Fund FIC S6346c 2016 B07-0000433 Fiction
APEC Sta. Rita Library APEC Sta. Rita Library Fiction Institutional Fund FIC S6346c 2016 B02-0000462 Fiction
APEC Taytay Library APEC Taytay Library Fiction Institutional Fund FIC S6346c 2016 B08-0000360 Fiction
APEC Tondo Library APEC Tondo Library Fiction Institutional Fund FIC S6346c 2016 A10-0000354 Fiction
APEC Tondo Library APEC Tondo Library Fiction Institutional Fund FIC S6346c 2016 A10-0000395 Fiction
APEC V. Luna Library APEC V. Luna Library Fiction Institutional Fund FIC S6346c 2016 A01-0000391 Fiction

Powered by Koha